000 00379ntaaa2200157 4500
003 01
005 20251027201949.0
008 0714s1973 ag 01
040 _aAR-BaBN
_bspa
_cAR-BaBN
_eaacr
_dRIC
082 _a248.0000 R63
100 _aRogers, Dale Evans
245 _aMy spiritual diary
250 _a1 ed. :
_bF. H. Revell Company,
_cc1955
300 _a144 p.
942 _cBK
999 _c14367
_d14367